[Event "FRA-chT1 0910"]
[Site "France"]
[Date "2009.11.21"]
[Round "4.3"]
[White "Marino, Olivier"]
[Black "Libiszewski, Fabien"]
[Result "0-1"]
[WhiteElo "2111"]
[BlackElo "2518"]
[PlyCount "54"]
[EventDate "2009.09.27"]
[EventType "team-tourn"]
[EventRounds "11"]
[EventCountry "FRA"]
[SourceTitle "EXT 2011"]
[Source "ChessBase"]
[SourceDate "2010.11.26"]
[SourceVersion "1"]
[SourceVersionDate "2010.11.26"]
[SourceQuality "1"]

1. e4 c5 2. Nf3 Nc6 3. Bb5 g6 4. 0-0 Bg7 5. c3 Nf6 6. Bxc6 dxc6 7. Qe2 Bg4 8. d3 Nd7 9. Be3 Bxf3 10. gxf3 e5 11. f4 exf4 12. Bxf4 g5 13. Be3 Ne5 14. d4 Ng6 15. Rd1 0-0 16. Qg4 h6 17. dxc5 Qc7 18. Nd2 Ne5 19. Qf5 Rae8 20. Nb3 Ng6 21. Nd4 Nh4 22. Qg4 Bxd4 23. Bxd4 f5 24. Qh5 Qf4 25. exf5 Qe4 26. f3 Nxf3+ 27. Kf2 Nh4 0-1

[Event "FRA-chT1A 0809"]
[Site "France"]
[Date "2009.04.05"]
[Round "11.7"]
[White "Richard, Emma"]
[Black "Marino, Olivier"]
[Result "1/2-1/2"]
[WhiteElo "2070"]
[BlackElo "2114"]
[PlyCount "63"]
[EventDate "2008.10.19"]
[EventType "tourn"]
[EventRounds "11"]
[EventCountry "FRA"]
[SourceTitle "EXT 2010"]
[Source "ChessBase"]
[SourceDate "2010.11.25"]
[SourceVersion "1"]
[SourceVersionDate "2010.11.25"]
[SourceQuality "1"]
[WhiteTeam "Mulhouse II"]
[BlackTeam "Cannes II"]
[WhiteTeamCountry "FRA"]
[BlackTeamCountry "FRA"]

1. e4 c6 2. Nf3 d5 3. Nc3 dxe4 4. Nxe4 Nf6 5. Nxf6+ gxf6 6. g3 Bg4 7. Bg2 Qc7 8. h3 Bh5 9. d4 e6 10. Bf4 Bd6 11. Bxd6 Qxd6 12. 0-0 Nd7 13. Qd2 Bxf3 14. Bxf3 h5 15. Rfe1 h4 16. g4 0-0-0 17. Bg2 f5 18. gxf5 Rhg8 19. fxe6 fxe6 20. Qe3 Rg6 21. Kh1 Rf8 22. Rad1 Rgf6 23. Rd2 Nb6 24. b3 Nd5 25. Bxd5 Qxd5+ 26. Qe4 Rxf2 27. Rxf2 Rxf2 28. c4 Rf1+ 29. Kh2 Rxe1 30. Qxe1 Qxd4 31. Qxe6+ Kc7 32. Qe7+ 1/2-1/2

[Event "FRA-chT1B 0708"]
[Site "France"]
[Date "2008.03.16"]
[Round "9.6"]
[White "Marino, Olivier"]
[Black "Dikant, Christophe"]
[Result "1-0"]
[WhiteElo "2125"]
[BlackElo "2110"]
[PlyCount "43"]
[EventDate "2007.10.21"]
[EventType "team-tourn"]
[EventRounds "11"]
[EventCountry "FRA"]
[SourceTitle "EXT 2009"]
[Source "ChessBase"]
[SourceDate "2008.11.26"]
[SourceVersion "1"]
[SourceVersionDate "2008.11.26"]
[SourceQuality "1"]
[WhiteTeam "Cannes II"]
[BlackTeam "Belfort"]
[WhiteTeamCountry "FRA"]
[BlackTeamCountry "FRA"]

1. e4 g6 2. d4 Bg7 3. Nc3 c6 4. Nf3 d5 5. h3 Nf6 6. Bd3 dxe4 7. Nxe4 Nxe4 8. Bxe4 Nd7 9. 0-0 0-0 10. Bg5 Re8 11. c3 Qb6 12. Qd2 e5 13. Rae1 exd4 14. Qf4 Ne5 15. Bxg6 hxg6 16. Nxe5 Be6 17. cxd4 Bxa2 18. Re3 Bd5 19. Bf6 Bxf6 20. Nd7 g5 21. Nxf6+ Kf8 22. Nd7+ 1-0

[Event "FRA-chT2C 0506"]
[Site "France"]
[Date "2005.11.20"]
[Round "3.9"]
[White "Marino, Olivier"]
[Black "Fayette, Sylvain"]
[Result "0-1"]
[WhiteElo "2119"]
[BlackElo "2015"]
[PlyCount "101"]
[EventDate "2005.10.27"]
[EventType "team-tourn"]
[EventRounds "11"]
[EventCountry "FRA"]
[SourceTitle "EXT 2006"]
[Source "ChessBase"]
[SourceDate "2005.11.24"]
[SourceVersion "1"]
[SourceVersionDate "2005.11.24"]
[SourceQuality "1"]

1. e4 e6 2. d4 d5 3. Nc3 Nf6 4. Bg5 dxe4 5. Nxe4 Nbd7 6. Nf3 Be7 7. Bxf6 Nxf6 8. Bd3 b6 9. Bb5+ Bd7 10. Bd3 Bc6 11. Qe2 Nd5 12. Ne5 Bb7 13. Bb5+ Kf8 14. 0-0 Nf6 15. Ng5 Qd5 16. f3 Qxd4+ 17. Kh1 Nd5 18. Nd7+ Kg8 19. Nxe6 Qxb2 20. Rab1 Qa3 21. c4 Qe3 22. Qxe3 Nxe3 23. Nxc7 Rc8 24. Rfe1 Bg5 25. Na6 g6 26. h4 Bh6 27. Rb3 Nf5 28. Rd3 Kg7 29. c5 Bxa6 30. Bxa6 Rc7 31. cxb6 axb6 32. a4 Nxh4 33. Nxb6 Rc6 34. a5 Nf5 35. Bb7 Rc5 36. Ra1 Rb5 37. g4 Ng3+ 38. Kg2 Bf4 39. Ra2 h5 40. Nd5 Bb8 41. a6 hxg4 42. a7 gxf3+ 43. Kxf3 Bxa7 44. Rxa7 Nf5 45. Rd2 Rb3+ 46. Ke2 Ng3+ 47. Kd1 Rb8 48. Rg2 Nf5 49. Kc2 R8xb7 50. Rxb7 Rxb7 51. Kc3 0-1

[Event "FRA-chT2 0405"]
[Site "France"]
[Date "2005.04.02"]
[Round "10.5"]
[White "Olaizola Ortega, Luis"]
[Black "Marino, Olivier"]
[Result "1/2-1/2"]
[WhiteElo "2194"]
[BlackElo "2109"]
[PlyCount "119"]
[EventDate "2004.10.10"]
[EventType "team-tourn"]
[EventRounds "11"]
[EventCountry "FRA"]
[SourceTitle "EXT 2006"]
[Source "ChessBase"]
[SourceDate "2005.11.24"]
[SourceVersion "1"]
[SourceVersionDate "2005.11.24"]
[SourceQuality "1"]

1. d4 Nf6 2. Nf3 g6 3. g3 Bg7 4. Bg2 0-0 5. c4 d6 6. 0-0 Nc6 7. Nc3 a6 8. h3 Rb8 9. Be3 b5 10. d5 Na5 11. cxb5 axb5 12. Nd4 b4 13. Na4 Bb7 14. Nc6 Nxc6 15. dxc6 Ba6 16. a3 e5 17. axb4 Rxb4 18. Nc5 Bc4 19. Nb7 Qc8 20. Qd2 Rb5 21. Ra5 Rxa5 22. Nxa5 Be6 23. Kh2 Qa6 24. Rc1 Ra8 25. b4 Qb5 26. Qe1 Bd5 27. Bf1 e4 28. Bd4 Be6 29. e3 Qh5 30. Qe2 Qxe2 31. Bxe2 Nd5 32. Bxg7 Kxg7 33. Rc4 Nxb4 34. Rxb4 Rxa5 35. Rb7 Rc5 36. Rxc7 Bd5 37. Bg4 Rxc6 38. Rxc6 Bxc6 39. h4 Kf6 40. Bd1 Bd5 41. Bc2 h6 42. Kg2 g5 43. hxg5+ hxg5 44. Kf1 Ke5 45. Ke1 Bc4 46. Kd2 f5 47. Kc3 Be2 48. Ba4 Bh5 49. Bd7 Bf7 50. Bc6 Be6 51. Bb7 Bd5 52. Bc8 Bc6 53. Ba6 f4 54. gxf4+ gxf4 55. Bc8 d5 56. Bh3 f3 57. Bf1 Ba4 58. Ba6 Bd1 59. Bf1 Ba4 60. Ba6 1/2-1/2

[Event "FRA-chT2S"]
[Site "France"]
[Date "2003.04.05"]
[Round "10.4"]
[White "Marino, Olivier"]
[Black "Puhm, Alar"]
[Result "1/2-1/2"]
[WhiteElo "2085"]
[BlackElo "2167"]
[PlyCount "71"]
[EventDate "2002.10.??"]
[EventType "team-tourn"]
[EventRounds "11"]
[EventCountry "FRA"]
[SourceTitle "EXT 2004"]
[Source "ChessBase"]
[SourceDate "2003.11.25"]
[SourceVersion "1"]
[SourceVersionDate "2003.11.25"]
[SourceQuality "1"]

1. e4 c5 2. Nf3 Nc6 3. Nc3 d6 4. d4 cxd4 5. Nxd4 Nf6 6. f3 e5 7. Nb3 Be6 8. Be3 Be7 9. Nd5 Bxd5 10. exd5 Nb8 11. Bb5+ Nbd7 12. 0-0 0-0 13. Bxd7 Nxd7 14. c4 b6 15. Qd2 a5 16. Rae1 Rc8 17. Qe2 Qc7 18. Nd2 f5 19. b3 Bf6 20. Nb1 Nc5 21. Na3 Rce8 22. Nb5 Qe7 23. Qd2 Nd7 24. Bd4 Rc8 25. Bb2 Nc5 26. Ba3 Qd7 27. Bxc5 Rxc5 28. Qd3 Bg5 29. Re2 g6 30. Rfe1 Rfc8 31. a4 Rf8 32. g3 Bf6 33. Kg2 Rd8 34. Rh1 Kg7 35. h4 h5 36. Qe3 1/2-1/2

[Event "Lisbon op"]
[Site "Lisbon"]
[Date "2001.08.28"]
[Round "8"]
[White "Fluvia Poyatos, Jordi"]
[Black "Marino, Olivier"]
[Result "1-0"]
[WhiteElo "2273"]
[BlackElo "2034"]
[PlyCount "97"]
[EventDate "2001.08.21"]
[EventType "swiss"]
[EventRounds "9"]
[EventCountry "POR"]
[SourceTitle "EXT 2002"]
[Source "ChessBase"]
[SourceDate "2001.11.25"]
[SourceVersion "1"]
[SourceVersionDate "2001.11.25"]
[SourceQuality "1"]

1. Nf3 Nf6 2. g3 g6 3. b4 Bg7 4. Bb2 0-0 5. Bg2 d6 6. 0-0 e5 7. d3 Nc6 8. b5 Ne7 9. c4 a6 10. Nc3 axb5 11. Nxb5 c6 12. Nc3 Qa5 13. Qc2 h6 14. a4 Rd8 15. Rfb1 Qc7 16. Nd2 d5 17. cxd5 Nfxd5 18. Nxd5 Nxd5 19. Nc4 Be6 20. a5 Ne7 21. Nb6 Ra6 22. Rc1 Nf5 23. e3 Qd6 24. Bc3 Ra7 25. Rd1 Qc5 26. Qb2 h5 27. Rac1 h4 28. Bb4 Qb5 29. Rc5 Rxd3 30. Rb1 e4 31. Qc2 Qa6 32. Bxe4 Rd8 33. Rd1 Raa8 34. Nxa8 Qxa8 35. Rxd8+ Qxd8 36. Qd2 Qg5 37. Rc1 h3 38. f4 Qg4 39. Kf2 Nh6 40. Rc5 Bb3 41. Qd8+ Kh7 42. Bf3 Qe6 43. Bc3 Bd5 44. Bxg7 Kxg7 45. e4 Ng4+ 46. Kg1 Ba2 47. Qd4+ Kg8 48. f5 gxf5 49. Bxg4 1-0

[Event "Lisbon op"]
[Site "Lisbon"]
[Date "2001.08.26"]
[Round "6"]
[White "Gladyszev, Oleg"]
[Black "Marino, Olivier"]
[Result "1-0"]
[WhiteElo "2352"]
[BlackElo "2034"]
[PlyCount "95"]
[EventDate "2001.08.21"]
[EventType "swiss"]
[EventRounds "9"]
[EventCountry "POR"]
[SourceTitle "EXT 2002"]
[Source "ChessBase"]
[SourceDate "2001.11.25"]
[SourceVersion "1"]
[SourceVersionDate "2001.11.25"]
[SourceQuality "1"]

1. d4 Nf6 2. c4 g6 3. Nc3 Bg7 4. e4 d6 5. Be2 0-0 6. Nf3 e5 7. 0-0 Nc6 8. d5 Ne7 9. Ne1 Nd7 10. f3 f5 11. Be3 f4 12. Bf2 g5 13. a4 Ng6 14. a5 Nf6 15. c5 Kh8 16. cxd6 cxd6 17. Nb5 g4 18. fxg4 Nxe4 19. Bxa7 Bd7 20. Bb6 Qe7 21. Rc1 Rac8 22. Rxc8 Rxc8 23. Nf3 Nh4 24. Nxh4 Qxh4 25. Qe1 Qh6 26. Bd3 Nc5 27. Bf5 Bxf5 28. gxf5 Bf8 29. Qc3 Re8 30. Nc7 Re7 31. Ne6 Nxe6 32. fxe6 Qg6 33. Qf3 Rg7 34. Re1 Qc2 35. Bd8 Qc5+ 36. Kh1 Be7 37. Bb6 Qc2 38. Qe2 Qb3 39. Qd2 Bg5 40. Rc1 Rg8 41. Rc3 Qa2 42. Qc2 Qxd5 43. Rc7 Rg7 44. Rc8+ Rg8 45. Rxg8+ Kxg8 46. Qf5 Qd1+ 47. Bg1 Qh5 48. e7 1-0

[Event "Lisbon op"]
[Site "Lisbon"]
[Date "2001.08.25"]
[Round "5"]
[White "Marino, Olivier"]
[Black "Hernando Rodrigo, Jose Maria"]
[Result "1/2-1/2"]
[WhiteElo "2034"]
[BlackElo "2333"]
[PlyCount "101"]
[EventDate "2001.08.21"]
[EventType "swiss"]
[EventRounds "9"]
[EventCountry "POR"]
[SourceTitle "EXT 2002"]
[Source "ChessBase"]
[SourceDate "2001.11.25"]
[SourceVersion "1"]
[SourceVersionDate "2001.11.25"]
[SourceQuality "1"]

1. e4 d5 2. exd5 Qxd5 3. Nc3 Qa5 4. d4 Nf6 5. Bc4 Nc6 6. Nge2 Bg4 7. f3 Be6 8. Bb5 Bd5 9. 0-0 0-0-0 10. Nf4 Qb6 11. Nfxd5 Nxd5 12. Bxc6 Qxc6 13. Nxd5 Qxd5 14. Be3 e5 15. c3 Qc4 16. Qb3 Qxb3 17. axb3 exd4 18. Bxd4 a6 19. b4 Bxb4 20. Bxg7 Bc5+ 21. Kh1 Rhg8 22. Bh6 Rd6 23. Bf4 Rf6 24. g3 Re6 25. Rfe1 Rge8 26. Rxe6 Rxe6 27. Rd1 Re2 28. Rd2 Rxd2 29. Bxd2 Kd7 30. Kg2 Kc6 31. c4 b5 32. cxb5+ Kxb5 33. Bc3 Kc4 34. Be5 Bd6 35. Bc3 Bb4 36. Be5 c5 37. f4 Kb3 38. g4 Bd2 39. h4 Be3 40. g5 Bd4 41. h5 Kxb2 42. h6 Kc1 43. Bxd4 cxd4 44. f5 d3 45. g6 fxg6 46. fxg6 hxg6 47. h7 d2 48. h8Q d1Q 49. Qa1+ Kd2 50. Qd4+ Kc2 51. Qc4+ 1/2-1/2

[Event "Nice op 8th"]
[Site "Nice"]
[Date "2001.08.09"]
[Round "5"]
[White "Marino, Olivier"]
[Black "Shirazi, Kamran"]
[Result "0-1"]
[WhiteElo "2034"]
[BlackElo "2432"]
[PlyCount "128"]
[EventDate "2001.08.06"]
[EventType "swiss"]
[EventRounds "7"]
[EventCountry "FRA"]
[SourceTitle "EXT 2002"]
[Source "ChessBase"]
[SourceDate "2001.11.25"]
[SourceVersion "1"]
[SourceVersionDate "2001.11.25"]
[SourceQuality "1"]

1. e4 c5 2. Nf3 a6 3. c3 d5 4. exd5 Qxd5 5. d4 Nc6 6. Be2 e6 7. 0-0 Nf6 8. h3 cxd4 9. cxd4 Bb4 10. Nc3 Qa5 11. Qc2 0-0 12. a3 Be7 13. Be3 Nd5 14. Nxd5 Qxd5 15. Bc4 Qh5 16. Be2 Qa5 17. b4 Qd8 18. Rfd1 Bf6 19. Rac1 h6 20. Ne5 Bd7 21. Qe4 Be8 22. Bd3 g6 23. Bxh6 Bg5 24. Bxg5 Qxg5 25. Nf3 Qf6 26. h4 Rd8 27. Bb1 Rd5 28. Rc5 Ne7 29. Ne5 Ba4 30. Rd3 Qf5 31. Qxf5 Nxf5 32. Nf3 Bc6 33. g4 Ne7 34. Rc1 Rfd8 35. Rcd1 R5d6 36. Kg2 Ba4 37. Rc1 Bc6 38. Rcd1 Nd5 39. Kg3 Bb5 40. R3d2 Rc6 41. h5 gxh5 42. gxh5 Nc3 43. Re1 Nxb1 44. Rxb1 Rc3 45. Kf4 f6 46. Rg1+ Kf7 47. h6 Rg8 48. Rh1 Bc6 49. Rh3 Bd5 50. a4 Ke7 51. Re2 Kd6 52. Re3 Rc4 53. h7 Rh8 54. b5 axb5 55. axb5 Rc7 56. Rh6 Rf7 57. Nd2 Rfxh7 58. Rxh7 Rxh7 59. Ne4+ Ke7 60. f3 Rh5 61. Nc5 Rh4+ 62. Kg3 Rxd4 63. Rc3 Kd6 64. Nd3 Bc4 0-1

[Event "Montecatini Terme"]
[Site "Montecatini Terme"]
[Date "2001.02.19"]
[Round "8"]
[White "Acher, Mathieu"]
[Black "Marino, Olivier"]
[Result "1/2-1/2"]
[WhiteElo "2264"]
[BlackElo "2068"]
[PlyCount "29"]
[EventDate "2001.02.12"]
[EventType "tourn"]
[EventRounds "11"]
[EventCountry "ITA"]
[EventCategory "3"]
[SourceTitle "CBM 080 Extra"]
[Source "ChessBase"]
[SourceDate "2001.03.08"]
[SourceVersion "1"]
[SourceVersionDate "2001.03.08"]
[SourceQuality "1"]

1. e4 g6 2. d4 Bg7 3. Nc3 d6 4. g3 c6 5. Bg2 Nd7 6. Nge2 Qc7 7. 0-0 e5 8. h3 Ngf6 9. Be3 0-0 10. g4 b5 11. a3 Rd8 12. Ng3 Bb7 13. Nce2 a6 14. c3 Nb6 15. b3 1/2-1/2

[Event "Montecatini Terme"]
[Site "Montecatini Terme"]
[Date "2001.02.12"]
[Round "10"]
[White "Drei, Andrea"]
[Black "Marino, Olivier"]
[Result "1-0"]
[WhiteElo "2305"]
[BlackElo "2068"]
[PlyCount "61"]
[EventDate "2001.02.12"]
[EventType "tourn"]
[EventRounds "11"]
[EventCountry "ITA"]
[EventCategory "3"]
[SourceTitle "CBM 080 Extra"]
[Source "ChessBase"]
[SourceDate "2001.03.08"]
[SourceVersion "1"]
[SourceVersionDate "2001.03.08"]
[SourceQuality "1"]

1. Nf3 Nf6 2. g3 g6 3. Bg2 Bg7 4. d3 0-0 5. 0-0 d6 6. c4 Nc6 7. Nc3 e5 8. Rb1 a5 9. a3 Nd7 10. b4 axb4 11. axb4 Ne7 12. Qb3 Kh8 13. Bb2 c6 14. e3 f5 15. Rfd1 f4 16. Ng5 fxe3 17. fxe3 Nf6 18. Nce4 Nf5 19. d4 Ng4 20. dxe5 Ngxe3 21. Rd3 d5 22. cxd5 cxd5 23. Nf6 Qb6 24. Kh1 Bxf6 25. exf6 Ng4 26. f7+ Ng7 27. Bd4 Qc7 28. Bxd5 h6 29. Qb2 hxg5 30. Bxg7+ Kh7 31. Bxf8 1-0

[Event "Montecatini Terme"]
[Site "Montecatini Terme"]
[Date "2001.02.12"]
[Round "11"]
[White "Marino, Olivier"]
[Black "Genocchio, Daniele"]
[Result "0-1"]
[WhiteElo "2068"]
[BlackElo "2263"]
[PlyCount "50"]
[EventDate "2001.02.12"]
[EventType "tourn"]
[EventRounds "11"]
[EventCountry "ITA"]
[EventCategory "3"]
[SourceTitle "CBM 080 Extra"]
[Source "ChessBase"]
[SourceDate "2001.03.08"]
[SourceVersion "1"]
[SourceVersionDate "2001.03.08"]
[SourceQuality "1"]

1. e4 c5 2. Nf3 Nc6 3. Nc3 e5 4. Bc4 Be7 5. d3 d6 6. Nd2 Bg5 7. Nf1 Bxc1 8. Qxc1 Be6 9. Ne3 Nge7 10. Ned5 Ng6 11. 0-0 a6 12. a4 0-0 13. b3 Nd4 14. Qd2 Rb8 15. a5 f5 16. Ne2 Kh8 17. Nxd4 cxd4 18. Nb6 Bd7 19. g3 f4 20. c3 Bh3 21. Rfd1 Bg4 22. Rdc1 Nh4 23. gxh4 Bf3 24. Be6 Qxh4 25. h3 Rf6 0-1